| 000 | 00610nam a2200193Ia 4500 | ||
|---|---|---|---|
| 003 | GCL | ||
| 008 | 140319s9999 xx 000 0 ara d | ||
| 040 |
_aGCL / _cGCL |
||
| 082 | 0 | 4 |
_aد _b050 |
| 100 | 1 | _aعباس محمود العقاد | |
| 245 | 1 | 0 |
_aفلاسفة الحكم فى العصر الحديث (اقرا 97) / _cعباس محمود العقاد |
| 300 | _a152 ص | ||
| 490 |
_aوثائق ونصوص _v0 |
||
| 650 | 0 | 4 | _aالفلاسفة |
| 650 | 0 | 4 | _aالفلسفة الغربية |
| 650 | 0 | 4 | _aالمذاهب السياسية |
| 650 | 0 | 4 | _aالفلاسفة الغربيون |
| 942 |
_2ddc _cCF |
||
| 999 |
_c27284 _d27284 |
||